Optimal Pricing, Inflation, and the Cost of Price Adjustment

Saved in:
Bibliographic Details
Other Authors: Sheshinski, Eytan, Weiss, Yoram
Format: Book
Language:English
Published: Cambridge The MIT Press 1993
Edition:1. ed.
Subjects:
Tags: Add Tag
No Tags, Be the first to tag this record!

MARC

LEADER 00000nam a2200000 4500
001 c014789
005 20230315135007.6
020 |a 0-262-19332-9 
041 0 |a eng 
044 |a US 
245 1 0 |a Optimal Pricing, Inflation, and the Cost of Price Adjustment  |c Edit. Eytan Sheshinski, Yoram Weiss 
250 |a 1. ed. 
264 1 |a Cambridge  |b The MIT Press  |c 1993 
300 |a 520 s. 
610 2 0 |a tvorba cien 
610 2 0 |a úpravy cien 
610 2 0 |a inflácia 
700 1 |a Sheshinski, Eytan 
700 1 |a Weiss, Yoram